Quick Pick: Multiple Emmy Drama Series Quiz Stats

 Plays Quiz Updated Sep 19, 2016

Challenge
Share
Tweet
Embed
Score 0/11 Timer 01:00
0 Plays Today
% Correct
The Sopranos
90.3%
The West Wing
89.8%
Breaking Bad
84.8%
Game of Thrones
83.2%
Mad Men
82.9%
Hill Street Blues
71.1%
L.A. Law
64.9%
The Practice
45%
Cagney and Lacey
44.5%
Lou Grant
39.7%
Mission: Impossible
34%

Today's Daily Dose

Word Ladder
King of the...

Quick Pick
The Doors Songs

On This Day
August 17th II

You're not logged in!

Compare scores with friends on all Sporcle quizzes.
Join for Free
OR
Log In

You Might Also Like...

Show Comments

Extras

Top Quizzes Today


Score Distribution

Your Account Isn't Verified!

In order to create a playlist on Sporcle, you need to verify the email address you used during registration. Go to your Sporcle Settings to finish the process.

Report this User

Report this user for behavior that violates our Community Guidelines.

Details: